| 000 | 01564nam a22004097a 4500 | ||
|---|---|---|---|
| 001 | 0042936 | ||
| 003 | KOHA_MİRAKIL | ||
| 005 | 20260207003329.0 | ||
| 007 | ta | ||
| 008 | 130730b2010 tu |||gr||||#0|||1|tur | | ||
| 020 | _a9789753389624 | ||
| 020 | _a9753389620 | ||
| 040 |
_aTR-BiSEU _btur _cTR-BiSEU _erda |
||
| 041 | 0 | _atur | |
| 044 | _ctu | ||
| 050 |
_aPL248.D580 _bO85 2010 |
||
| 100 | 0 | _aOsman Nevres. | |
| 245 | 1 |
_aOsman Nevres ve dîvânı : _b hayatı, eserleri, edebî kişiliği, Türkçe șiirleri, bazı mektupları, Perî ile Civân ve Destâr-ı Hayâl mesnevîleri : _b inceleme, metin/ _cOsman Nevres ; Bayram Ali Kaya. |
|
| 250 | _aGözden geçirilmiş 2. baskı | ||
| 264 | 1 |
_aAnkara : _bAkçağ Yayınları _c2010 |
|
| 300 |
_a661 sayfa ; _c24 cm. |
||
| 336 |
_ametin _btxt _2rdacontent |
||
| 337 |
_aaracısız _bn _2rdamedia |
||
| 338 |
_acilt _bnc _2rdacarrier |
||
| 490 | 1 |
_aAkçağ yayınları ; _v961. |
|
| 490 | 1 |
_a Eski Türk Edebiyatı ; _v56 |
|
| 500 | _aKaynakça var. | ||
| 505 | _aTurkish poetry; 19th century; history and criticism; Osman Nevres, 1820-1876; poet; criticism and interpretation. | ||
| 650 | 0 |
_aOsman Nevres, 1820-1876. _979880 |
|
| 650 | 0 |
_aPoets, Turkish--19th century--Criticism and interpretation. _979881 |
|
| 650 | 0 |
_aTurkish poetry--19th century--History and criticism. _979882 |
|
| 650 | 0 |
_aPoets, Turkish--19th century--Biography. _979883 |
|
| 830 | 1 |
_aAkçağ yayınları ; _v961. _97970 |
|
| 830 | 1 |
_a Eski Türk Edebiyatı ; _v56 _976575 |
|
| 907 | _aDivan | ||
| 942 |
_2lcc _cBK |
||
| 999 |
_c42759 _d42759 |
||